000 00452cam a2200181ua 4500
001 9877
008 160228n II |||gr||||Z||||||hin
040 _aMAIN
041 _aEnglish
082 _a891.43 CHA
100 _aCHANDRA , BANKIM .
245 _aDURGESH NANDINI ( HINDI NOVEL)
260 _aNEW DELHI:
_bRAM CHANDRA & SONS ,
_c2010.
300 _a112.:
_c20CM.
653 _aHindi Books
700 _aCHANDRA , BANKIM .,
_eAuthor.
942 _cBK
999 _c9848
_d9848